000 00695nam a2200253Ia 4500
003 OSt
005 20220924115001.0
006 a|||||r|||| 00| 0
007 ta
008 220923b |||||||| |||| 00| 0 ben d
020 _a8172932669 (hbk)
020 _c100
024 _a250908
037 _cTextual
040 _aARTS
_cARTS
_bben
041 _2ben
_aben
082 _aO157,6N04x, N4.3
100 _aRay Annadasankar
_9176351
245 0 _aProbondha samagra
260 _aCalcutta
_bMitra and Ghosh publisher pvt. ltd India
_c1994
650 _aBENGALI LITERATURE
942 _hO157,6N04x, N4.3
_cTEXL
_2CC
999 _c396271
_d396271